000 00573nam a2200217Ia 4500
003 OSt
005 20241007054742.0
008 240925s9999 xx 000 0 und d
020 _a720118212
040 _cفد
082 _a330.9567043 AXE
100 _aNot - Available
245 0 _aIraq in Transition: a political economic and strategic perspective
250 _aNA
260 _aBoulder:
_bWestview Press
_c,1986.
300 _axiii,273p.
_bNA
_fOriginal
500 _aIncludes Index
600 _aSocial Sciences
650 _aSocial Sciences
942 _cBK
_2ddc
999 _c2686
_d2686